| 000 | 00379nam a22001337a 4500 | ||
|---|---|---|---|
| 999 |
_c533732 _d533732 |
||
| 020 | _a978-0471985211 | ||
| 040 | _cMSOHAIL | ||
| 082 |
_a307.1216 _bALL |
||
| 100 |
_a Philip Allmendinger (Editor), Alan Prior (Editor), Jeremy Raemaekers _927695 |
||
| 245 | _aIntroduction to Planning Practice | ||
| 260 |
_aNew York _bJohn Wiley; _cc2000 |
||
| 300 | _a439;pxv | ||
| 942 |
_2ddc _cBK |
||